000 00369nam a2200109Ia 4500
008 240129s9999 xx 000 0 und d
100 _aSHAH, RITESH KUMAR
245 0 _aSEMANTIC WEB MINING USING ONTOLOGY FOR EFFECTIVE EXTRACTION AND RETRIEVAL OF INFORMATION
260 _bMEWAR UNIVERSITY, CHITTORGARH
_c2021
650 _aComputer Science & Engineering
942 _cTHE
999 _c218896
_d218896